Pulse (Record no. 111529)

MARC details
000 -LEADER
fixed length control field 01049cad a22002295a 4500
001 - CONTROL NUMBER
control field E151676
008 - FIXED-LENGTH DATA ELEMENTS--GENERAL INFORMATION
fixed length control field 101130s2010 xxk f 000 0 eng d
035 ## - SYSTEM CONTROL NUMBER
System control number (Sirsi) u151676
041 0# - LANGUAGE CODE
Language code of text/sound track or separate title eng
050 04 - LIBRARY OF CONGRESS CALL NUMBER
Classification number 333.33 $2 18
110 2# - MAIN ENTRY--CORPORATE NAME
Corporate name or jurisdiction name as entry element Jones Lang LaSalle
9 (RLIN) 3755
245 00 - TITLE STATEMENT
Title Pulse
Remainder of title global market perspective, November 2010
Medium [electronic resource]
260 ## - PUBLICATION, DISTRIBUTION, ETC.
Place of publication, distribution, etc. [S.l.]
Name of publisher, distributor, etc. Jones Lang LaSalle
Date of publication, distribution, etc. 2010
490 #0 - SERIES STATEMENT
Series statement Pulse
-- Global Market Perspective
520 ## - SUMMARY, ETC.
Summary, etc. Latest issue of this regular bulletin suggests that real estate investment volumes will rise by 25-35% in 2011, compared with 2010. Predicts that Asia Pacific will lead the upturn in leasing markets, followed by Europe and North America.
521 ## - TARGET AUDIENCE NOTE
Target audience note Advanced
590 ## - LOCAL NOTE (RLIN)
Local note KA NTK
651 #4 - SUBJECT ADDED ENTRY--GEOGRAPHIC NAME
Geographic name International
690 ## - LOCAL SUBJECT ADDED ENTRY--TOPICAL TERM (OCLC, RLIN)
Topical term or geographic name as entry element PROPERTY-COMMERCIAL PROPERTY-COMMERCIAL PROPERTY MARKET
856 40 - ELECTRONIC LOCATION AND ACCESS
Uniform Resource Identifier <a href="https://www.joneslanglasalle.com/MediaResources/Global/GMP/Global-Market-Perspective-November-2010-Final.pdf">https://www.joneslanglasalle.com/MediaResources/Global/GMP/Global-Market-Perspective-November-2010-Final.pdf</a>
Public note View the bulletin free of charge at www.joneslanglasalle.com...
942 ## - ADDED ENTRY ELEMENTS (KOHA)
Suppress in OPAC 0
Holdings
Withdrawn status Lost status Source of classification or shelving scheme Damaged status Not for loan Home library Current library Shelving location Date acquired Total Checkouts Full call number Barcode Date last seen Copy number Price effective from Koha item type
    Dewey Decimal Classification     Virtual Virtual Online 30/11/2010   ONLINE PUBLICATION 151676-1001 06/08/2019 1 06/08/2019 Book